[Event "ROM-chT2"]
[Site "Slanic Moldova"]
[Date "2017.10.07"]
[Round "8.1"]
[White "Teodorescu, Ion"]
[Black "Vrencian, Lehel"]
[Result "1-0"]
[WhiteElo "2220"]
[BlackElo "2344"]
[PlyCount "69"]
[EventDate "2017.09.30"]
[EventType "team-tourn"]
[EventRounds "9"]
[EventCountry "ROU"]
[SourceTitle "CBM 181 Extra"]
[Source "ChessBase"]
[SourceDate "2017.12.12"]
[SourceVersion "1"]
[SourceVersionDate "2017.12.12"]
[SourceQuality "1"]
[WhiteTeam "Galati Diana"]
[BlackTeam "Otopeni"]
[WhiteTeamCountry "ROU"]
[BlackTeamCountry "ROU"]

1. Nf3 d5 2. c4 d4 3. g3 Nc6 4. Bg2 e5 5. d3 Bb4+ 6. Nbd2 a5 7. 0-0 Nf6 8. a3 Be7 9. b3 0-0 10. Rb1 Bg4 11. h3 Bf5 12. b4 axb4 13. axb4 Nd7 14. c5 Na7 15. Nc4 Nb5 16. Bb2 Bf6 17. c6 bxc6 18. Na5 Nb6 19. g4 Bd7 20. g5 Bxg5 21. Nxe5 Bf4 22. Naxc6 Bxc6 23. Nxc6 Qd6 24. e3 dxe3 25. Qg4 f6 26. fxe3 Bxe3+ 27. Kh1 Rae8 28. Rf5 Qxd3 29. Rd1 Qc2 30. Bxf6 g6 31. Rdf1 Nd6 32. Re5 Rxe5 33. Nxe5 Nf7 34. Be4 Nxe5 35. Qe6+ 1-0

[Event "ROM-chT2"]
[Site "Olanesti"]
[Date "2013.10.16"]
[Round "5.1"]
[White "Posedaru, Bogdan Stefan"]
[Black "Teodorescu, Ion"]
[Result "1-0"]
[WhiteElo "2290"]
[BlackElo "2265"]
[PlyCount "110"]
[EventDate "2013.10.12"]
[EventType "team-tourn"]
[EventRounds "9"]
[EventCountry "ROU"]
[SourceTitle "EXT 2014"]
[Source "ChessBase"]
[SourceDate "2013.11.20"]
[SourceVersion "1"]
[SourceVersionDate "2013.11.20"]
[SourceQuality "1"]
[WhiteTeam "Ploiesti Conpet"]
[BlackTeam "Galati Diana"]
[WhiteTeamCountry "ROU"]
[BlackTeamCountry "ROU"]

1. d4 d5 2. c4 e6 3. Nc3 Nf6 4. cxd5 exd5 5. Bg5 Nbd7 6. e3 Be7 7. Bd3 c6 8. Qc2 0-0 9. Nf3 Re8 10. h3 Nf8 11. Bf4 Bd6 12. Bxd6 Qxd6 13. 0-0-0 Be6 14. Kb1 Rec8 15. Rc1 N6d7 16. Ng5 h6 17. Nxe6 fxe6 18. f4 c5 19. dxc5 Rxc5 20. Qa4 a6 21. g4 Rac8 22. Qd4 b5 23. Rcd1 R5c6 24. g5 hxg5 25. Rhg1 Rc4 26. Bxc4 Rxc4 27. Qd2 gxf4 28. Qg2 Qe5 29. exf4 Rxf4 30. Ka1 Qf6 31. Rdf1 Rxf1+ 32. Rxf1 Qg6 33. Qf2 b4 34. Ne2 e5 35. Ng3 Qe6 36. Nf5 d4 37. Qh4 Nf6 38. Qg5 g6 39. Nxd4 exd4 40. Qxf6 Qxf6 41. Rxf6 a5 42. Kb1 Kg7 43. Rd6 Kf7 44. Rxd4 Ke6 45. Kc2 Ke5 46. Rg4 Kf5 47. Kb3 Ne6 48. Ka4 Ng5 49. Rg3 Kf4 50. Rd3 Ke4 51. Rd6 Kf5 52. Rd5+ Kf4 53. h4 Nf3 54. h5 g5 55. h6 Ke4 1-0

[Event "ROM-chT2"]
[Site "Olanesti"]
[Date "2013.10.14"]
[Round "3.1"]
[White "Teodorescu, Ion"]
[Black "Oltean, Dorel"]
[Result "1/2-1/2"]
[WhiteElo "2265"]
[BlackElo "2361"]
[PlyCount "141"]
[EventDate "2013.10.12"]
[EventType "team-tourn"]
[EventRounds "9"]
[EventCountry "ROU"]
[SourceTitle "EXT 2014"]
[Source "ChessBase"]
[SourceDate "2013.11.20"]
[SourceVersion "1"]
[SourceVersionDate "2013.11.20"]
[SourceQuality "1"]
[WhiteTeam "Galati Diana"]
[BlackTeam "Cluj Napoca"]
[WhiteTeamCountry "ROU"]
[BlackTeamCountry "ROU"]

1. Nf3 Nf6 2. c4 c5 3. Nc3 e6 4. d4 cxd4 5. Nxd4 Nc6 6. Ndb5 d6 7. e4 a6 8. Nd4 g6 9. Be3 Bg7 10. Be2 0-0 11. 0-0 Bd7 12. Rc1 Rc8 13. f3 Ne5 14. b3 Qa5 15. Qd2 Rfd8 16. Rfd1 Be8 17. Bg5 Ned7 18. Kh1 Qc7 19. f4 h6 20. Bh4 Qb8 21. Bf3 e5 22. Nde2 exf4 23. Bxf6 Nxf6 24. Nxf4 Bc6 25. Nfd5 Bxd5 26. Nxd5 Nxd5 27. Qxd5 Rc5 28. Qd2 Qc7 29. g3 h5 30. Rf1 Qe7 31. b4 Rc7 32. Rfd1 Be5 33. Kg2 Rdc8 34. Qd5 b5 35. c5 dxc5 36. bxc5 Rxc5 37. Rxc5 Rxc5 38. Qd8+ Qxd8 39. Rxd8+ Kg7 40. Rd2 Rc4 41. Kf2 Ra4 42. Ke3 Ra3+ 43. Kf2 Bc3 44. Re2 Kf6 45. e5+ Bxe5 46. Bd5 Rd3 47. Bb3 Rd7 48. Ke3 Ke7 49. Ke4 f6 50. Bd5 Rc7 51. Bb3 a5 52. Rc2 Bc3 53. Kd3 a4 54. Re2+ Be5 55. Bc2 Rc3+ 56. Kd2 Ra3 57. Bb1 Kd6 58. Kd1 g5 59. Bf5 Rf3 60. Bg6 Rf1+ 61. Re1 Rxe1+ 62. Kxe1 b4 63. Bxh5 b3 64. Bf7 b2 65. Bg6 Kd5 66. Kd2 a3 67. g4 Bxh2 68. Kc2 Bd6 69. Bf5 Ke5 70. Bd7 Kf4 71. Bf5 1/2-1/2

[Event "ROM-chT Div-A"]
[Site "Slanic Moldova"]
[Date "2011.10.09"]
[Round "9"]
[White "Teodorescu, Ion"]
[Black "Stanca, Adrian"]
[Result "1/2-1/2"]
[WhiteElo "2258"]
[BlackElo "2253"]
[PlyCount "106"]
[EventDate "2011.10.03"]
[EventType "team-tourn"]
[EventRounds "9"]
[EventCountry "ROU"]
[SourceTitle "CBM 144 Extra"]
[Source "ChessBase"]
[SourceDate "2011.10.28"]
[SourceVersion "1"]
[SourceVersionDate "2011.10.28"]
[SourceQuality "1"]

1. Nf3 g6 2. c4 Bg7 3. Nc3 e5 4. d4 d6 5. Bg5 f6 6. Be3 Nh6 7. dxe5 dxe5 8. Qxd8+ Kxd8 9. Rd1+ Bd7 10. Ne4 Ke7 11. g3 Nf7 12. Bg2 Bc6 13. Bc5+ Ke6 14. Nc3 Na6 15. Ba3 Bf8 16. Bxf8 Rhxf8 17. 0-0 Bxf3 18. Bxf3 c6 19. b4 Rac8 20. a3 Nd6 21. b5 Nc5 22. bxc6 bxc6 23. Rc1 Nb3 24. Rcd1 Nxc4 25. e3 Rfd8 26. Rxd8 Rxd8 27. Bxc6 Rd3 28. Nb1 Ncd2 29. Nxd2 Nxd2 30. Ra1 e4 31. Kg2 f5 32. a4 Rd6 33. Bb5 Nf3 34. h3 Ne5 35. Ra2 Rd1 36. Be2 Re1 37. g4 fxg4 38. Bxg4+ Nxg4 39. hxg4 a5 40. Rc2 Ra1 41. Rc7 Rxa4 42. Rxh7 Ra1 43. Kg3 g5 44. Rh6+ Kf7 45. Ra6 Ra4 46. f4 exf3 47. Kxf3 Kg7 48. Rc6 Kf7 49. Rc5 Kf6 50. Rf5+ Kg6 51. Rb5 Kf6 52. Rf5+ Kg6 53. Rc5 Kf6 1/2-1/2

[Event "ROM-chT Div-A"]
[Site "Slanic Moldova"]
[Date "2011.10.07"]
[Round "7"]
[White "Teodorescu, Ion"]
[Black "Daianu, Cristian Clement"]
[Result "1/2-1/2"]
[WhiteElo "2258"]
[BlackElo "2235"]
[PlyCount "42"]
[EventDate "2011.10.03"]
[EventType "team-tourn"]
[EventRounds "9"]
[EventCountry "ROU"]
[SourceTitle "CBM 144 Extra"]
[Source "ChessBase"]
[SourceDate "2011.10.28"]
[SourceVersion "1"]
[SourceVersionDate "2011.10.28"]
[SourceQuality "1"]

1. Nf3 Nf6 2. c4 g6 3. b3 Bg7 4. Bb2 0-0 5. g3 c6 6. Bg2 d5 7. 0-0 Nbd7 8. cxd5 cxd5 9. d4 Nb6 10. Nc3 Bf5 11. Ne5 Ng4 12. e4 Nxe5 13. dxe5 dxe4 14. Nxe4 Nd7 15. f4 Bxe4 16. Bxe4 Nc5 17. Bc2 Qc7 18. Qe2 Rad8 19. Rfd1 Na4 20. bxa4 Qb6+ 21. Qf2 Qxb2 1/2-1/2

[Event "ROM-chT Div-A"]
[Site "Slanic Moldova"]
[Date "2011.10.03"]
[Round "1"]
[White "Barbu, Iulian"]
[Black "Teodorescu, Ion"]
[Result "0-1"]
[WhiteElo "2229"]
[BlackElo "2258"]
[PlyCount "90"]
[EventDate "2011.10.03"]
[EventType "team-tourn"]
[EventRounds "9"]
[EventCountry "ROU"]
[SourceTitle "CBM 144 Extra"]
[Source "ChessBase"]
[SourceDate "2011.10.28"]
[SourceVersion "1"]
[SourceVersionDate "2011.10.28"]
[SourceQuality "1"]

1. e4 c5 2. Nf3 d6 3. c3 Nc6 4. Bc4 e6 5. Qe2 Nf6 6. Bb3 Be7 7. 0-0 0-0 8. d4 e5 9. dxc5 dxc5 10. Rd1 Qc7 11. Bg5 Bg4 12. Nbd2 Rad8 13. h3 Bh5 14. g4 Bg6 15. Bxf6 Bxf6 16. Nf1 Qe7 17. Qe3 h6 18. Bd5 Nb8 19. a4 Na6 20. a5 Nc7 21. Bxb7 Ne6 22. a6 Nf4 23. Ne1 h5 24. Qf3 hxg4 25. hxg4 Bg5 26. Ne3 Qf6 27. Nd5 Nxd5 28. Bxd5 Bf4 29. Nd3 Rd6 30. Kg2 Rb8 31. b3 Rc8 32. Rh1 Rdd8 33. Ra4 Qg5 34. Rc4 Bd2 35. Nxc5 Bf4 36. Nd3 Rb8 37. Rc7 Rxd5 38. Qh3 Bxe4+ 39. f3 Bxf3+ 40. Qxf3 Rxd3 41. Qxd3 Qxg4+ 42. Kf1 e4 43. Qd7 Qf3+ 44. Kg1 Qg3+ 45. Kf1 Bxc7 0-1

[Event "ROM-chT"]
[Site "Baile Herculane"]
[Date "2010.09.12"]
[Round "9.21"]
[White "Banikas, Hristos"]
[Black "Teodorescu, Ion"]
[Result "1-0"]
[WhiteElo "2590"]
[BlackElo "2269"]
[PlyCount "99"]
[EventDate "2010.09.04"]
[EventType "team-tourn"]
[EventRounds "9"]
[EventCountry "ROU"]
[SourceTitle "EXT 2021"]
[Source "ChessBase"]
[SourceDate "2020.10.23"]
[SourceVersion "1"]
[SourceVersionDate "2020.10.23"]
[SourceQuality "1"]

1. d4 d5 2. c4 e6 3. Nc3 Nf6 4. Bg5 Nbd7 5. e3 c6 6. a3 Be7 7. Qc2 0-0 8. Nf3 a6 9. cxd5 exd5 10. Bd3 Re8 11. 0-0 h6 12. Bf4 Nf8 13. h3 Bd6 14. Ne5 Qe7 15. Rfe1 N8d7 16. Nf3 Nf8 17. Bxd6 Qxd6 18. b4 Be6 19. Na4 Rad8 20. Nc5 Bc8 21. Rab1 N8d7 22. a4 Nxc5 23. Qxc5 Qxc5 24. bxc5 g6 25. Nd2 Ne4 26. Bxe4 dxe4 27. Nc4 Re7 28. Rb6 Kf8 29. Nd6 Rxd6 30. cxd6 Rd7 31. d5 Rxd6 32. dxc6 Rxc6 33. Rxc6 bxc6 34. Rc1 Bd7 35. Rb1 c5 36. a5 Ke7 37. Rb6 c4 38. Kf1 Ba4 39. Ke1 c3 40. Rxa6 Kd7 41. Rb6 Kc7 42. Rb4 Bd7 43. Kd1 Bc8 44. Kc2 Ba6 45. h4 Bf1 46. g3 Bd3+ 47. Kxc3 g5 48. Rb6 gxh4 49. gxh4 h5 50. Kd4 1-0

[Event "ROM-chT"]
[Site "Baile Herculane"]
[Date "2010.09.09"]
[Round "6.51"]
[White "Solak, Dragan"]
[Black "Teodorescu, Ion"]
[Result "1-0"]
[WhiteElo "2577"]
[BlackElo "2269"]
[PlyCount "65"]
[EventDate "2010.09.04"]
[EventType "team-tourn"]
[EventRounds "9"]
[EventCountry "ROU"]
[SourceTitle "EXT 2021"]
[Source "ChessBase"]
[SourceDate "2020.10.23"]
[SourceVersion "1"]
[SourceVersionDate "2020.10.23"]
[SourceQuality "1"]

1. e4 c5 2. Nf3 d6 3. d4 cxd4 4. Nxd4 Nf6 5. Nc3 a6 6. Bc4 e6 7. a3 Be7 8. Ba2 Qc7 9. 0-0 0-0 10. f4 Nc6 11. Kh1 Bd7 12. f5 Nxd4 13. Qxd4 Rad8 14. Bg5 b5 15. Qd3 Kh8 16. Rae1 Bc8 17. Qh3 Ng8 18. Bd2 d5 19. Bf4 Qc5 20. b4 Qb6 21. Qg3 d4 22. Bc7 Qc6 23. Bxd8 Rxd8 24. Ne2 Qxc2 25. Bb3 Qb2 26. fxe6 d3 27. exf7 Qxb3 28. fxg8Q+ Qxg8 29. Nf4 Bd6 30. Ng6+ hxg6 31. Qh4+ Qh7 32. Qxd8+ Qg8 33. Qxd6 1-0

[Event "ROM-chT"]
[Site "Baile Herculane"]
[Date "2010.09.07"]
[Round "4.41"]
[White "Jianu, Vlad Cristian"]
[Black "Teodorescu, Ion"]
[Result "1-0"]
[WhiteElo "2528"]
[BlackElo "2269"]
[PlyCount "77"]
[EventDate "2010.09.04"]
[EventType "team-tourn"]
[EventRounds "9"]
[EventCountry "ROU"]
[SourceTitle "EXT 2021"]
[Source "ChessBase"]
[SourceDate "2020.10.23"]
[SourceVersion "1"]
[SourceVersionDate "2020.10.23"]
[SourceQuality "1"]

1. d4 d5 2. c4 e6 3. Nf3 Nf6 4. g3 c6 5. Bg2 Bd6 6. 0-0 Nbd7 7. b3 0-0 8. Bb2 Re8 9. Nc3 Qe7 10. Qc2 Ba3 11. Bxa3 Qxa3 12. e4 dxe4 13. Nxe4 Nxe4 14. Qxe4 Qd6 15. Rad1 a5 16. Rfe1 a4 17. c5 Qc7 18. b4 Rd8 19. a3 Nf6 20. Qc2 Bd7 21. Ne5 Be8 22. Nc4 Nd5 23. h4 h6 24. Be4 Kf8 25. Bxd5 cxd5 26. Nb6 Ra6 27. Qh7 Rxb6 28. cxb6 Qc3 29. Re3 Qb2 30. Qh8+ Ke7 31. Qxg7 Rc8 32. Rxe6+ Kxe6 33. Re1+ Kd7 34. Qf6 Rc1 35. Qe7+ Kc6 36. Qc7+ Kb5 37. Rxc1 Bc6 38. Rc5+ Ka6 39. Ra5# 1-0

[Event "ROM-chT"]
[Site "Eforie Nord"]
[Date "2009.09.24"]
[Round "6"]
[White "Teodorescu, Ion"]
[Black "Fedorov, Alexei"]
[Result "0-1"]
[WhiteElo "2266"]
[BlackElo "2600"]
[PlyCount "106"]
[EventDate "2009.09.19"]
[EventType "team"]
[EventRounds "9"]
[EventCountry "ROU"]
[SourceTitle "CBM 132 Extra"]
[Source "ChessBase"]
[SourceDate "2009.11.03"]
[SourceVersion "1"]
[SourceVersionDate "2009.11.03"]
[SourceQuality "1"]

1. Nf3 g6 2. c4 Bg7 3. Nc3 d6 4. d4 Nf6 5. e4 0-0 6. Be2 Bg4 7. 0-0 Nfd7 8. h3 Bxf3 9. Bxf3 Nc6 10. Be3 e5 11. dxe5 dxe5 12. Be2 Re8 13. b4 a5 14. a3 Nd4 15. c5 c6 16. Bc4 b6 17. cxb6 Nxb6 18. Ba2 axb4 19. axb4 Qe7 20. b5 cxb5 21. Nxb5 Nxb5 22. Bxb6 Nc3 23. Qc2 Nxa2 24. Rxa2 Rxa2 25. Qxa2 Qb7 26. Qa4 Ra8 27. Ba5 Qa7 28. Ra1 Qd4 29. Qa3 Bf8 30. Qc3 Bb4 31. Bxb4 Rxa1+ 32. Kh2 Qxc3 33. Bxc3 Ra2 34. Bxe5 Rxf2 35. Kg3 Rf1 36. Bd4 Kf8 37. Bf2 Ke7 38. Kf3 Kd6 39. Ke2 Ra1 40. Bd4 Ra3 41. Bf6 Kc6 42. Bd4 Kb5 43. Be5 Kc4 44. Bg7 Ra2+ 45. Kf3 Kd3 46. h4 Ra4 47. g4 Rxe4 48. Bf6 Re1 49. Kf4 Rf1+ 50. Ke5 h5 51. gxh5 Rf5+ 52. Kd6 Rxf6+ 53. Ke7 Rf4 0-1

[Event "ROM-chT"]
[Site "Eforie Nord"]
[Date "2009.09.22"]
[Round "4"]
[White "Shishkin, Vadim"]
[Black "Teodorescu, Ion"]
[Result "0-1"]
[WhiteElo "2511"]
[BlackElo "2266"]
[PlyCount "66"]
[EventDate "2009.09.19"]
[EventType "team"]
[EventRounds "9"]
[EventCountry "ROU"]
[SourceTitle "CBM 132 Extra"]
[Source "ChessBase"]
[SourceDate "2009.11.03"]
[SourceVersion "1"]
[SourceVersionDate "2009.11.03"]
[SourceQuality "1"]

1. d4 d5 2. c4 e6 3. Nf3 Nf6 4. Nc3 c6 5. Bg5 Be7 6. e3 Nbd7 7. Qc2 0-0 8. Rd1 Re8 9. Bd3 dxc4 10. Bxc4 Nd5 11. Bxe7 Qxe7 12. 0-0 Nxc3 13. bxc3 e5 14. Bb3 e4 15. Nd2 Nf6 16. Rde1 b5 17. f3 a5 18. fxe4 a4 19. Bxf7+ Qxf7 20. e5 Be6 21. exf6 Bxa2 22. fxg7 Qe6 23. Rf4 Bd5 24. e4 a3 25. Rff1 Qg6 26. Ra1 Kxg7 27. Rf3 Rxe4 28. Rg3 Rg4 29. Qxg6+ Rxg6 30. c4 Rxg3 31. hxg3 bxc4 32. Nb1 a2 33. Nc3 Ra3 0-1

[Event "ROM-chT"]
[Site "Eforie Nord"]
[Date "2009.09.21"]
[Round "3"]
[White "Vajda, Levente"]
[Black "Teodorescu, Ion"]
[Result "1-0"]
[WhiteElo "2557"]
[BlackElo "2266"]
[PlyCount "69"]
[EventDate "2009.09.19"]
[EventType "team"]
[EventRounds "9"]
[EventCountry "ROU"]
[SourceTitle "CBM 132 Extra"]
[Source "ChessBase"]
[SourceDate "2009.11.03"]
[SourceVersion "1"]
[SourceVersionDate "2009.11.03"]
[SourceQuality "1"]

1. e4 d5 2. exd5 Qxd5 3. Nc3 Qa5 4. d4 c6 5. Bc4 e6 6. Nf3 Nf6 7. 0-0 Be7 8. Qe2 0-0 9. Bg5 Qd8 10. Bd3 Nbd7 11. Rad1 a6 12. Ne4 Re8 13. h4 Nf8 14. c4 Nxe4 15. Qxe4 Bxg5 16. Nxg5 h6 17. Nf3 Qd6 18. Ne5 c5 19. Bc2 f6 20. Ng6 Rb8 21. Nxf8 Kxf8 22. Qh7 f5 23. Rfe1 Kf7 24. dxc5 Qxc5 25. h5 b5 26. Rd5 Qc6 27. Qg6+ Kf8 28. Bxf5 bxc4 29. Rdd1 Rb5 30. Be4 Qc7 31. Qh7 Rxh5 32. Qh8+ Kf7 33. Bg6+ Kxg6 34. Qxe8+ Kf6 35. Qxh5 1-0

[Event "ROM-chT"]
[Site "Eforie Nord"]
[Date "2009.09.20"]
[Round "2"]
[White "Lupulescu, Constantin"]
[Black "Teodorescu, Ion"]
[Result "1-0"]
[WhiteElo "2599"]
[BlackElo "2266"]
[PlyCount "51"]
[EventDate "2009.09.19"]
[EventType "team"]
[EventRounds "9"]
[EventCountry "ROU"]
[SourceTitle "CBM 132 Extra"]
[Source "ChessBase"]
[SourceDate "2009.11.03"]
[SourceVersion "1"]
[SourceVersionDate "2009.11.03"]
[SourceQuality "1"]

1. e4 c5 2. Nf3 d6 3. d4 cxd4 4. Nxd4 Nf6 5. Nc3 a6 6. Be3 Nc6 7. f3 e6 8. Qd2 Be7 9. 0-0-0 Qc7 10. g4 0-0 11. g5 Ne8 12. h4 b5 13. Kb1 Bb7 14. Nxc6 Qxc6 15. h5 b4 16. Ne2 d5 17. Nd4 Qd7 18. e5 Nc7 19. Bd3 Bc5 20. g6 h6 21. Bxh6 Bxd4 22. Bxg7 f5 23. h6 f4 24. Qxb4 Be3 25. Bxf8 Rxf8 26. h7+ 1-0

[Event "ROM-chT"]
[Site "Eforie Nord"]
[Date "2009.09.19"]
[Round "1"]
[White "Teodorescu, Ion"]
[Black "Cioara, Andrei Nestor"]
[Result "1/2-1/2"]
[WhiteElo "2266"]
[BlackElo "2415"]
[PlyCount "115"]
[EventDate "2009.09.19"]
[EventType "team"]
[EventRounds "9"]
[EventCountry "ROU"]
[SourceTitle "CBM 132 Extra"]
[Source "ChessBase"]
[SourceDate "2009.11.03"]
[SourceVersion "1"]
[SourceVersionDate "2009.11.03"]
[SourceQuality "1"]

1. Nf3 b5 2. e3 a6 3. c4 bxc4 4. Bxc4 d5 5. Bb3 Nf6 6. d4 e6 7. 0-0 Be7 8. Ba4+ Bd7 9. Ne5 0-0 10. Nc3 c5 11. Bxd7 Nfxd7 12. Nxd7 Nxd7 13. b3 cxd4 14. exd4 Nb8 15. Bb2 Nc6 16. Na4 Qa5 17. Rc1 Rfc8 18. g3 Qb5 19. Qd2 Nb4 20. Ba3 a5 21. h4 h5 22. Rfd1 g6 23. Kg2 Kg7 24. Kg1 Bf6 25. Bxb4 Qxb4 26. Qxb4 axb4 27. Rc5 Be7 28. Rcc1 Rxc1 29. Rxc1 Bf6 30. Rd1 Rc8 31. Rd2 Rc1+ 32. Kg2 g5 33. hxg5 Bxg5 34. f4 Bf6 35. Nc5 Be7 36. Nd3 Rc3 37. Ne5 Bd6 38. Nd3 Kg6 39. Ne5+ Kg7 40. Nd3 f6 41. Kf3 Kg6 42. g4 hxg4+ 43. Kxg4 Be7 44. Rd1 Rc2 45. Re1 Rg2+ 46. Kf3 Rd2 47. Nc5 Bxc5 48. dxc5 Rxa2 49. Rxe6 Rc2 50. Kg4 Rg2+ 51. Kf3 Rc2 52. Kg4 Rg2+ 53. Kf3 Rb2 54. Kg4 Rg2+ 55. Kf3 Rb2 56. Kg4 Rxb3 57. f5+ Kf7 58. Rd6 1/2-1/2

[Event "ROM-chT"]
[Site "Eforie Nord"]
[Date "2008.09.03"]
[Round "3"]
[White "Teodorescu, Ion"]
[Black "Miroshnichenko, Evgenij"]
[Result "0-1"]
[WhiteElo "2281"]
[BlackElo "2593"]
[PlyCount "148"]
[EventDate "2008.09.01"]
[EventType "team"]
[EventRounds "9"]
[EventCountry "ROU"]
[SourceTitle "CBM 126 Extra"]
[Source "ChessBase"]
[SourceDate "2008.11.05"]
[SourceVersion "1"]
[SourceVersionDate "2008.11.05"]
[SourceQuality "1"]

1. Nf3 Nf6 2. c4 e6 3. g3 a6 4. Bg2 b5 5. b3 Bb7 6. Bb2 c5 7. 0-0 Be7 8. a4 b4 9. d4 Qc7 10. Nbd2 0-0 11. Re1 cxd4 12. Bxd4 d6 13. e4 Nc6 14. Bb2 Nd7 15. Rc1 Rac8 16. Nd4 Nce5 17. Re3 Nc5 18. Qe2 Rfe8 19. f4 Ned7 20. Rf1 Qb6 21. h4 e5 22. Nf5 Bf8 23. h5 Nf6 24. Kh1 Re6 25. g4 g6 26. Ng3 exf4 27. Rxf4 Bg7 28. h6 Bxh6 29. Rxf6 Nxa4 30. Rxe6 Bxe3 31. Re7 Nxb2 32. Rxb7 Qxb7 33. Qxe3 Qe7 34. Nf3 Qf6 35. Qd2 Qc3 36. Qxd6 Qxb3 37. Qf6 Qxc4 38. Ng5 Qc7 39. e5 Nd3 40. e6 fxe6 41. Qxe6+ Kg7 42. Qd5 Nf2+ 43. Kg1 Nh3+ 44. Nxh3 Qc5+ 45. Kf1 Qxd5 46. Bxd5 b3 47. Bxb3 Rc3 48. Bd1 Rxg3 49. Nf2 a5 50. Ne4 Re3 51. Nd2 Re5 52. Kf2 Kf6 53. Kf3 Re1 54. Bb3 Ra1 55. Ne4+ Ke5 56. Nd2 a4 57. Bg8 a3 58. Nc4+ Kf6 59. Nxa3 Rxa3+ 60. Kf4 Ra4+ 61. Kf3 Kg5 62. Be6 Rf4+ 63. Kg3 Re4 64. Bd7 Re3+ 65. Kf2 Kf4 66. Bc8 Rc3 67. Bd7 Rc2+ 68. Kf1 Kf3 69. Kg1 Rf2 70. Bc8 Kg3 71. Ba6 Ra2 72. Bf1 Ra1 73. g5 Rb1 74. Kh1 Rxf1# 0-1

[Event "ROM-chT"]
[Site "Eforie Nord"]
[Date "2008.09.02"]
[Round "2"]
[White "Badea, Bela"]
[Black "Teodorescu, Ion"]
[Result "1-0"]
[WhiteElo "2487"]
[BlackElo "2281"]
[PlyCount "73"]
[EventDate "2008.09.01"]
[EventType "team"]
[EventRounds "9"]
[EventCountry "ROU"]
[SourceTitle "CBM 126 Extra"]
[Source "ChessBase"]
[SourceDate "2008.11.05"]
[SourceVersion "1"]
[SourceVersionDate "2008.11.05"]
[SourceQuality "1"]

1. Nf3 Nf6 2. g3 d5 3. Bg2 g6 4. c4 c6 5. b3 Bg7 6. Bb2 0-0 7. 0-0 Re8 8. Qc2 Nbd7 9. d4 Ne4 10. e3 e6 11. Ne5 f5 12. Nd3 Qe7 13. f3 Nd6 14. Kh1 dxc4 15. bxc4 e5 16. Nd2 e4 17. Nf2 exf3 18. Nxf3 Nf6 19. Ne5 Be6 20. Ba3 Qc7 21. Rab1 Rab8 22. Bc5 Nd7 23. Nxd7 Qxd7 24. d5 cxd5 25. cxd5 Bf7 26. Bxa7 Ra8 27. Bb6 Rec8 28. Qe2 Nc4 29. Rfd1 Ra6 30. Bd4 Bxd5 31. e4 fxe4 32. Bxg7 Kxg7 33. Qxe4 Qf7 34. Rxd5 Rxa2 35. Qd4+ Kg8 36. Ng4 Qg7 37. Nf6+ 1-0

[Event "ROM-ch"]
[Site "Satu Mare"]
[Date "2003.09.01"]
[Round "1.1"]
[White "Florescu, Codrut Constantin"]
[Black "Teodorescu, Ion"]
[Result "1-0"]
[WhiteElo "2416"]
[BlackElo "2266"]
[PlyCount "69"]
[EventDate "2003.09.01"]
[EventType "k.o."]
[EventRounds "5"]
[EventCountry "ROU"]
[SourceTitle "CBM 096 Extra"]
[Source "ChessBase"]
[SourceDate "2003.10.22"]
[SourceVersion "2"]
[SourceVersionDate "2003.10.20"]
[SourceQuality "1"]

1. e4 c5 2. Nf3 d6 3. d4 cxd4 4. Nxd4 Nf6 5. Nc3 a6 6. f4 Qc7 7. Be2 Nc6 8. Be3 e6 9. Bf3 Bd7 10. g4 b5 11. g5 Ng8 12. h4 Rc8 13. Nxc6 Bxc6 14. Qd2 Qb7 15. Qg2 b4 16. Ne2 f5 17. Ng3 Ne7 18. 0-0 fxe4 19. Bg4 d5 20. Bxe6 Bd7 21. Bxd7+ Qxd7 22. f5 Qc7 23. f6 Ng6 24. Rad1 gxf6 25. Rxd5 Nxh4 26. Qxe4+ Qe7 27. Bd4 Qxe4 28. Nxe4 Rg8 29. Nxf6+ Kf7 30. Nxg8+ Kxg8 31. c3 bxc3 32. bxc3 Be7 33. Kh2 Rb8 34. Kh3 Ng6 35. Ra5 1-0

[Event "ROM-ch sf"]
[Site "Sovata"]
[Date "2001.03.15"]
[Round "7"]
[White "Bodnar, Ovidiu"]
[Black "Teodorescu, Ion"]
[Result "1-0"]
[WhiteElo "2199"]
[BlackElo "2233"]
[PlyCount "95"]
[EventDate "2001.03.10"]
[EventType "swiss"]
[EventRounds "11"]
[EventCountry "ROU"]
[SourceTitle "EXT 2008"]
[Source "ChessBase"]
[SourceDate "2007.11.25"]
[SourceVersion "1"]
[SourceVersionDate "2007.11.25"]
[SourceQuality "1"]

1. d4 c5 2. d5 d6 3. c4 g6 4. g3 Bg7 5. Qc2 Nf6 6. Bg2 0-0 7. Nc3 a6 8. e4 e6 9. a4 exd5 10. cxd5 Re8 11. Nge2 Nbd7 12. 0-0 Rb8 13. Rb1 b5 14. axb5 axb5 15. b4 Qc7 16. h3 Ba6 17. Be3 cxb4 18. Rxb4 Nc5 19. Qb1 Na4 20. Rc1 Nxc3 21. Rxc3 Qe7 22. Rc6 Ra8 23. Qc2 Nd7 24. Rc7 Rec8 25. Qc6 Rd8 26. Nd4 Qe8 27. Nxb5 Bxb5 28. Rxb5 Nc5 29. Qxe8+ Rxe8 30. Bxc5 dxc5 31. Rbxc5 h5 32. d6 Ra1+ 33. Bf1 Rd1 34. Re7 Rd8 35. e5 Re1 36. Kg2 Bf8 37. Rec7 Re4 38. Rc4 Rxc4 39. Rxc4 Bg7 40. f4 g5 41. d7 Kf8 42. Re4 Ke7 43. f5 Bf8 44. Rd4 Bh6 45. Rc4 g4 46. Rc8 gxh3+ 47. Kxh3 Rxd7 48. f6+ 1-0

[Event "ROM-ch sf"]
[Site "Sovata"]
[Date "2001.03.12"]
[Round "3"]
[White "Teodorescu, Ion"]
[Black "Minescu, Dragos Olivar"]
[Result "1-0"]
[WhiteElo "2233"]
[BlackElo "2130"]
[PlyCount "61"]
[EventDate "2001.03.10"]
[EventType "swiss"]
[EventRounds "11"]
[EventCountry "ROU"]
[SourceTitle "EXT 2008"]
[Source "ChessBase"]
[SourceDate "2007.11.25"]
[SourceVersion "1"]
[SourceVersionDate "2007.11.25"]
[SourceQuality "1"]

1. Nf3 c5 2. c4 Nc6 3. Nc3 e5 4. e4 d6 5. d3 f5 6. exf5 Bxf5 7. Be2 Nf6 8. Bg5 Be7 9. 0-0 h6 10. Bh4 g5 11. Bg3 Qd7 12. Nd2 h5 13. f3 h4 14. Bf2 g4 15. fxg4 Nxg4 16. Nde4 0-0-0 17. Nd5 Rdg8 18. b4 cxb4 19. Bxa7 Kd8 20. Bb6+ Ke8 21. Rxf5 Qxf5 22. Bxg4 Qxg4 23. Qxg4 Rxg4 24. Nef6+ Bxf6 25. Nxf6+ Ke7 26. Nxg4 Ra8 27. Ne3 b3 28. a4 Rxa4 29. Rxa4 b2 30. Nd5+ Ke6 31. Nc3 1-0